000 01635nam a2200469 a 4500
005 20200104041737.0
008 140121b2001 ck ado | |||| 00| 0 spa d
020 _a9589682669
040 _aCO-BoIAVH
_cCO-BoIAVH
041 0 _aspa
044 _ack
082 0 4 _a346.46958
_bR41e1
100 1 _aRenjifo M., Luis Miguel
245 1 0 _aEstrategia nacional para la conservación de las aves de Colombia
_bVersión escolar
260 _aBogotá :
_bInstituto de Investigación de Recursos Biológicos Alexander von Humboldt,
_c2001.
300 _a34 páginas :
_bilustraciones, mapas, fotografías a color ;
_c21 x 14 cm.
650 4 _aConservación de biodiversidad
650 6 _aAves
650 4 _aEstrategias de conservación
650 6 _aEspecies amenazadas
650 6 _aEspecies endémicas
662 _aColombia
700 1 _aFranco, Ana María
700 1 _aAlvarez , Humberto
700 1 _aBorja, Rafael
700 1 _aBotero, Jorge E.
700 1 _aCordoba, Sergio
700 1 _aDe la Zerna, Susana
700 1 _aDidier, Gisele
700 1 _aEstela, Felipe
700 1 _aDe La Zerda, Susana
700 1 _aDidier, Gisele
700 1 _aEstela, Felipe
700 1 _aMárquez, César
700 1 _aMontenegro, M. I.
700 1 _aMurcia, C.
700 1 _aRodríguez, J. V.
700 1 _aSamper , C.
700 1 _aWeder, W. H.
710 2 _aInstituto de Investigación de Recursos Biológicos Alexander von Humboldt
942 _cFolleto
_2ddc
999 _c18100
_d18100